000 00759nam a22002537a 4500
001 0074
003 DO-SdBNP
005 20180131153841.0
007 0074
008 151009b 1962 sp || 00| 0 spa d
040 _aBPMSU
_bspa
_cBPMSU
092 _axxxxx
_bxxxxx
100 1 0 _aBlyton, Enid
245 _aMisterio en la villa de los acebos /
_cEnid Blyton; traducción María Dolores Raich Ullan; ilustración Carlos Freixas
260 _aBarcelona, España :
_bMolino,
_c1962
300 _a189 p.
_bil.
_c20 cm.
490 1 0 _aAventura
_v33
700 1 0 _aRaich Ullan, María Dolores,
_etr.
700 1 0 _aFreixas, Carlos,
_eil.
830 0 0 _aAventura
_n33
942 _2ddc
_cBK
945 _aInventariado, 2018/ YL
956 _aBrenda Tavárez
_b10
_cBPMSU
999 _c8354
_d8354